000 01895nam0a2200361 4500
001 RU\NLR\bibl\44692
005 20260406111118.0
010 _a5-300-02235-7
035 _a(NLR Aleph) 000043594
090 _a229630
_c229630
100 _a19990825d1998 |||y0rusy50 ca
101 0 _arus
102 _aRU
105 _ac |||||||||
200 1 _aИстория России
_e1682-1861
_eЭксперим. учеб. пособие для сред. шк.
_f[Е.В. Анисимов, А.Б. Каменский]
_gРос. независимый ин-т социал. и нац. пробл., Центр полит. и экон. истории России
210 _aМ.
_cТЕРРА
_d1998
215 _a463 с., [16] с. цв. ил.
_cил., портр., карт.
_d21
320 _aБиблиогр.: с. 458-461
607 _aСССР
_jРуководства, пособия и т.п. для средней школы
_xИстория
_z1682 - 1861
_92105291
_3RU\NLR\auth\661272827
607 _aРоссия
_jУчебные издания для средней школы
_xИстория
_z1682 - 1861
_92105289
_3RU\NLR\auth\661272826
686 _aТ3(2)46я72
686 _aТ3(2)47я72
700 1 _4070
_7ca
_8rus
_aАнисимов
_bЕ. В.
_cд-р ист. наук
_f1947-
_gЕвгений Викторович
_3RU\NLR\AUTH\7770960
_953888
701 1 _4070
_8rus
_7ca
_aКаменский
_bА. Б.
_cд-р ист. наук
_f1954 -
_gАлександр Борисович
_3RU\NLR\auth\7720639
_93706
712 0 2 _4570
_aРоссийский независимый институт социальных и национальных проблем
_3RU\NLR\AUTH\886465
_9284775
801 0 _aRU
_bNLR
_c19990825
_gPSBO
801 1 _aRU
_bNLR
_c19990825
852 _aNLR
_j99-5/2310
942 _cBOOK
980 _aNB